00493nam a22001577a 450000500170000001000150001702000260003203500140005803700130007208200110008510000190009624500650011526000520018027000830023230000200031520170829122923.0 aENG-120147 c995.00a9788192757025 aEN-103679 bDBAD/PUB a327.54 aRavindra Kumar aCold war :bits effects on global peace /cby Ravindra Kumar aNew Delhi bTrans-India Book Distributorsc2014 aA-148,Harnam Singh Market Ismalipur Road, Jaitpur BadarpurbNew Delhi e110044 a320p.c21cm(Hb)